Nuevos principios de la seguridad social para el siglo XXI (Registro nro. 304263)

Detalles MARC
000 -ENCABEZADO
Número de control [NR] 01509 a2200301 4500
005 - FECHA Y HORA DE LA ÚLTIMA TRANSACCIÓN
control field 20160826094917.0
008 - DE LONGITUD FIJA DE DATOS DE ELEMENTOS - INFORMACIÓN GENERAL
Elementos de longitud fija [NR] 160826s2016 ck |||fr|||| 000 0 spa d
020 ## - NUMERO INTERNACIONAL NORMALIZADO PARA LIBROS [R]
Número Internacional Normalizado del libro [NR] 9789585936638
040 ## - FUENTE DE CATALOGACION [NR]
Agencia de catalogación original [NR] CO-BoUCM
Idioma de catalogación [NR] spa
Quien Cataloga Sandra Palacio
Quien Clasifica Sandra Palacio
041 0# - CODIGO DE IDIOMA [R]
Código de idioma para texto/pista de sonido o título separado [R] Español
110 1# - ASIENTO PRINCIPAL--NOMBRE CORPORATIVO [NR]
Nombre corporativo o de jurisdicción como elemento de entrada [NR] Organización Iberoamericana de Seguridad Social
ID de autoridad 79194
245 ## - MENCION DE TITULO [NR]
Título [NR] Nuevos principios de la seguridad social para el siglo XXI
Mención de responsabilidad, etc. [NR] Coordinadora Martha Elisa Monsalve Cuéllar ; coordinadores académicos Hugo Barretto Ghione, Gabriela Mendizábal Bermúdez
246 ## - FORMA VARIANTE DEL TITULO [R]
Título propiamente dicho/forma breve del título [NR] Nuevos principios de la seguridad social para el siglo XXI
Parte restante del título [NR] Homenaje del Instituto Latinoamericano de Derecho del Trabajo y de la Seguridad Social
260 ## - PUBLICACION, DISTRIBUCION, ETC. (PIE DE IMPRENTA) [R]
Nombre del editor, distribuidor, etc. [R] Organización Iberoamericana de Seguridad Social
Lugar de publicación, distribución, etc. [R] Bogotá (Colombia)
Fecha de publicación, distribución, etc. [R] 2016
300 ## - DESCRIPCION FISICA [R]
Extensión [R] 613 páginas
504 ## - NOTA DE BIBLIOGRAFIA, ETC. [R]
Nota de bibliografía, etc. [NR] Incluye referencias bibliográficas
650 #7 - ASIENTO SECUNDARIO DE MATERIA - TERMINO TEMATICO [R]
9 (RLIN) 24114
Término temático o nombre geográfico como elemento de entrada [NR] Seguridad social
Subdivisión general [R] Historia
650 #7 - ASIENTO SECUNDARIO DE MATERIA - TERMINO TEMATICO [R]
Término temático o nombre geográfico como elemento de entrada [NR] Seguridad social
Subdivisión general [R] Siglo XXI
9 (RLIN) 79199
650 #7 - ASIENTO SECUNDARIO DE MATERIA - TERMINO TEMATICO [R]
Término temático o nombre geográfico como elemento de entrada [NR] Seguridad social
Subdivisión general [R] Principio de integralidad
Subdivisión geográfica [R] Argentina
9 (RLIN) 79200
650 #7 - ASIENTO SECUNDARIO DE MATERIA - TERMINO TEMATICO [R]
Término temático o nombre geográfico como elemento de entrada [NR] Seguridad social
Subdivisión general [R] Principio de sustanciabilidad
Subdivisión geográfica [R] Brasil
9 (RLIN) 79201
650 #7 - ASIENTO SECUNDARIO DE MATERIA - TERMINO TEMATICO [R]
Término temático o nombre geográfico como elemento de entrada [NR] Seguridad social
Subdivisión general [R] Principio de unidad
Subdivisión geográfica [R] Colombia
9 (RLIN) 79202
690 ## - ASUNTO AGREGADO LOCAL DE ENTRADA - TÉRMINO TEMÁTICO (OCLC, RLIN)
Acceso temático local Derecho social
9 (RLIN) 12830
700 1# - ASIENTO SECUNDARIO - NOMBRE PERSONAL [R]
Nombre personal [NR] Monsalve Cuéllar, Martha Elisa
Término de relación [R] coordinador
9 (RLIN) 79195
700 1# - ASIENTO SECUNDARIO - NOMBRE PERSONAL [R]
Nombre personal [NR] Barretto Ghione, Hugo
9 (RLIN) 79196
700 1# - ASIENTO SECUNDARIO - NOMBRE PERSONAL [R]
Nombre personal [NR] Mendizábal Bermúdez, Gabriela
9 (RLIN) 79197
942 ## - ELEMENTOS DE ENTRADA AGREGADOS (KOHA)
Tipo de ítem principal el descrito en 300a Libro
Sistema de clasificación DEWEY
Tema principal Derecho
Edición 1
Clasificación 344.980
Parte restante de la signatura top. P957np
Existencias
Fecha de último préstamo Total préstamos Signatura topográfica Código de barras Última vez visto Ejemplar Costo de reposición Price effective from Tipo de ítem Perdido Sistema de clasificación Dañado No prestable Tipo de ítem específico Suprimido Ubicación habitual Ubicación actual Localización Fecha de creación Proveedor Forma de adquisición Costo
23/10/2017 5 344.980 P957np 100150098 06/06/2024 Ej.1 26000.00 19/08/2016 Libro   DEWEY     Libro   Bodega Bodega 3er piso 19/08/2016 12 Donación 0.00